| 000 | 00915nam a22002657a 4500 | ||
|---|---|---|---|
| 005 | 20170123162342.0 | ||
| 010 | _a764862 | ||
| 020 | _c18.00 | ||
| 035 | _a764862 | ||
| 037 | _bCen Lib/Ret | ||
| 040 |
_aDPL _bUR |
||
| 082 |
_a040 _bا ب و |
||
| 100 |
_aابو کلام آزاد _9127983 |
||
| 245 |
_aخطبات آزاد / _cابو کلام آزاد ؛ مرتجم مالک رام |
||
| 246 |
_aKhutbaat-e-Azad / _bby Abu kalam Azad ; translated by Malik Ram |
||
| 260 |
_aنیی دہلی _bساہتیہ اکادمی _c1974 |
||
| 270 |
_bنیی دہلی _aرویندرا بھون ٣٥، فیروز شاہ مارگ _e110001 |
||
| 300 |
_a436p. _c21cm(Hb) |
||
| 500 | _aکتابیات | ||
| 650 |
_aصحافت _9127984 |
||
| 650 |
_aخطابات - آزاد _9109143 |
||
| 650 |
_aJuornalism _9127985 |
||
| 650 |
_aSpeaches -- Azad _9127986 |
||
| 942 |
_2ddc _cUR _h040 _mا ب و |
||
| 999 |
_c108635 _d108635 |
||